<?xml version="1.0" encoding="UTF-8"?>
<record
    xmlns:xsi="http://www.w3.org/2001/XMLSchema-instance"
    xsi:schemaLocation="http://www.loc.gov/MARC21/slim http://www.loc.gov/standards/marcxml/schema/MARC21slim.xsd"
    xmlns="http://www.loc.gov/MARC21/slim">

  <leader>02473nam a2200301 a 4500</leader>
  <controlfield tag="001"> </controlfield>
  <controlfield tag="003">DO-SdBNP</controlfield>
  <controlfield tag="005">20211228103921.0</controlfield>
  <controlfield tag="008">091001s2016    dr ac   r     001 p spa d</controlfield>
  <datafield tag="020" ind1=" " ind2=" ">
    <subfield code="a">9789945435245</subfield>
  </datafield>
  <datafield tag="040" ind1=" " ind2=" ">
    <subfield code="a">DO-SdBNP</subfield>
    <subfield code="b">spa</subfield>
    <subfield code="c">BPMSU </subfield>
  </datafield>
  <datafield tag="082" ind1=" " ind2=" ">
    <subfield code="a">946</subfield>
    <subfield code="b">B171e, 2016</subfield>
    <subfield code="2">22</subfield>
  </datafield>
  <datafield tag="100" ind1="1" ind2=" ">
    <subfield code="a"> Balaguer, Joaqu&#xED;n,</subfield>
    <subfield code="d">1906-2002</subfield>
    <subfield code="9">2</subfield>
  </datafield>
  <datafield tag="245" ind1="1" ind2="0">
    <subfield code="a">Espa&#xF1;a infinita /</subfield>
    <subfield code="c">Joaqu&#xED;n Balaguer.</subfield>
  </datafield>
  <datafield tag="250" ind1=" " ind2=" ">
    <subfield code="a">3a. ed.</subfield>
  </datafield>
  <datafield tag="260" ind1=" " ind2=" ">
    <subfield code="a">Santo Domingo :</subfield>
    <subfield code="b">Fundaci&#xF3;n Joaqu&#xED;n Balaguer,</subfield>
    <subfield code="c">2016.</subfield>
  </datafield>
  <datafield tag="300" ind1=" " ind2=" ">
    <subfield code="a">245 p. :</subfield>
    <subfield code="b">il. ;</subfield>
    <subfield code="c">24 cm.</subfield>
  </datafield>
  <datafield tag="500" ind1=" " ind2=" ">
    <subfield code="a">Incluye referencias bibliogr&#xE1;ficas y notas al pie de las p&#xE1;ginas</subfield>
  </datafield>
  <datafield tag="500" ind1=" " ind2=" ">
    <subfield code="a">Incluye &#xED;ndice onom&#xE1;stico</subfield>
  </datafield>
  <datafield tag="505" ind1="0" ind2=" ">
    <subfield code="a">Or&#xED;genes -- El clima -- La tierra -- Las distintas Espa&#xF1;a -- -- Qu&#xE9; es una Naci&#xF3;n? -- La &#xFA;ltima de las Espa&#xF1;a -- La concepci&#xF3;n de Bol&#xED;var -- Las relaciones de Espa&#xF1;a con sus antiguas colonias -- Repercusi&#xF3;n en Europa -- La antiespa&#xF1;a -- La nueva era -- Europa y el libre examen -- El padre Mariana, precursor de la revoluci&#xF3;n francesa -- la Inquisici&#xF3;n y los intelectuales espa&#xF1;oles -- La ciencia y los espa&#xF1;oles -- La intolerancia -- Espa&#xF1;a y la conquista de Am&#xE9;rica -- La barbarie en las diferentes razas humanas -- Espa&#xF1;a y la Edad Media -- Primac&#xED;a de Espa&#xF1;a en la edad media -- Los siglos XIV y XV --Los humanistas -- Alfonso V de Arag&#xF3;n -- Elio Antonio de Nebrija -- Rasgos t&#xED;picos del caracter espa&#xF1;ol- - Clericales y anticlericales -- La pr&#xE1;ctica religiosa en Am&#xE9;rica y en Espa&#xF1;a -- La historia y sus protagonistas -- Las &#xF3;rdenes -- Pascal y los jesuitas -- Disidencia de los jesuitas -- La orden de los dominicos -- El Cid -- Argumento del dracma -- Viriato -- Espa&#xF1;a en las artes y las letras -- La herencia griega -- El teatro espa&#xF1;ol -- Tirso de Molina -- Los sainetes -- La zarzuela -- La narrativa -- Alarc&#xF3;n -- Pereda -- El se&#xF1;or Bembibre -- P&#xE9;rez Gald&#xF3;s -- El renacimiento espa&#xF1;ol del siglo XVI -- Lulio -- Su&#xE1;rez -- Vives -- Fox Morcillo -- S&#xED;ntesis -- La filosof&#xED;a espa&#xF1;ola contempor&#xE1;nea -- La poes&#xED;a espa&#xF1;ola -- El gongorismo -- Culteranismo y conceptismo -- Los grandes escritores -- Quevedo -- Baltasar Graci&#xE1;n -- Garcilaso -- Jos&#xE9; Zorrilla -- La poes&#xED;a en</subfield>
  </datafield>
  <datafield tag="590" ind1=" " ind2=" ">
    <subfield code="a">Inventariado, 2021/VM</subfield>
  </datafield>
  <datafield tag="650" ind1=" " ind2="4">
    <subfield code="a"> Literatura espa&#xF1;ola </subfield>
    <subfield code="x">Historia y cr&#xED;tica</subfield>
  </datafield>
  <datafield tag="651" ind1=" " ind2="4">
    <subfield code="a">Espa&#xF1;a</subfield>
    <subfield code="x">Historia</subfield>
  </datafield>
  <datafield tag="651" ind1=" " ind2="4">
    <subfield code="a">Espa&#xF1;a</subfield>
    <subfield code="x">Civilizaci&#xF3;n</subfield>
  </datafield>
  <datafield tag="710" ind1="2" ind2=" ">
    <subfield code="a">Fundaci&#xF3;n Joaqu&#xED;n Balaguer (Rep&#xFA;blica Dominicana)</subfield>
  </datafield>
  <datafield tag="910" ind1=" " ind2=" ">
    <subfield code="a">VMateo V. </subfield>
  </datafield>
  <datafield tag="942" ind1=" " ind2=" ">
    <subfield code="2">ddc</subfield>
    <subfield code="c">BK</subfield>
  </datafield>
  <datafield tag="952" ind1=" " ind2=" ">
    <subfield code="0">0</subfield>
    <subfield code="1">0</subfield>
    <subfield code="2">ddc</subfield>
    <subfield code="4">0</subfield>
    <subfield code="7">0</subfield>
    <subfield code="8">CD</subfield>
    <subfield code="a">BPMET</subfield>
    <subfield code="b">BPMET</subfield>
    <subfield code="d">2021-12-28</subfield>
    <subfield code="e">Fundaci&#xF3;n Joaqu&#xED;n Balaguer </subfield>
    <subfield code="o">BPMSU CD 946 B171e 2016</subfield>
    <subfield code="p">BPMSU21120031</subfield>
    <subfield code="r">2021-12-28</subfield>
    <subfield code="w">2021-12-28</subfield>
    <subfield code="y">BK</subfield>
  </datafield>
  <datafield tag="952" ind1=" " ind2=" ">
    <subfield code="0">0</subfield>
    <subfield code="1">0</subfield>
    <subfield code="2">ddc</subfield>
    <subfield code="4">0</subfield>
    <subfield code="7">0</subfield>
    <subfield code="8">CD</subfield>
    <subfield code="a">BPMET</subfield>
    <subfield code="b">BPMET</subfield>
    <subfield code="d">2021-12-28</subfield>
    <subfield code="e">Fundaci&#xF3;n Joaqu&#xED;n Balaguer </subfield>
    <subfield code="o">BPMSU CD 946 B171e 2016</subfield>
    <subfield code="p">BPMSU21120032</subfield>
    <subfield code="r">2021-12-28</subfield>
    <subfield code="t">e.2</subfield>
    <subfield code="w">2021-12-28</subfield>
    <subfield code="y">BK</subfield>
  </datafield>
  <datafield tag="952" ind1=" " ind2=" ">
    <subfield code="0">0</subfield>
    <subfield code="1">0</subfield>
    <subfield code="2">ddc</subfield>
    <subfield code="4">0</subfield>
    <subfield code="7">0</subfield>
    <subfield code="8">CD</subfield>
    <subfield code="a">BPMET</subfield>
    <subfield code="b">BPMET</subfield>
    <subfield code="d">2021-12-28</subfield>
    <subfield code="e">Fundaci&#xF3;n Joaqu&#xED;n Balaguer </subfield>
    <subfield code="l">0</subfield>
    <subfield code="o">BPMSU CD 946 B171e 2016</subfield>
    <subfield code="p">BPMSU25110097</subfield>
    <subfield code="r">2025-11-25</subfield>
    <subfield code="t">e.3</subfield>
    <subfield code="w">2021-12-28</subfield>
    <subfield code="y">BK</subfield>
  </datafield>
  <datafield tag="999" ind1=" " ind2=" ">
    <subfield code="c">13930</subfield>
    <subfield code="d">13930</subfield>
  </datafield>
</record>
